Countries Surrounded by Three Countries - Statistics

General Stats
  • This quiz has been taken 85 times
  • The average score is 14 of 16
Answer Stats
Answer % Correct
Argentina
92%
Bolivia
92%
Brazil
92%
Paraguay
92%
Rwanda
89%
DR Congo
87%
Malawi
85%
Tanzania
85%
Tanzania
85%
Burundi
83%
Zambia
83%
Germany
82%
Luxembourg
82%
Belgium
80%
France
80%
Mozambique
80%
No matching quizzes found
Score Distribution
Percent of People with Each Score
Percentile by Number Answered
Your Score History
You have not taken this quiz